Statistics for 王者荣耀所有法师英雄皮肤

Click here to take the quiz!

General Stats

  • This quiz has been taken 15 times
    (8 since last reset)
  • The average score is 41 of 152

Answer Stats

皮肤名称% Correct
少女阿狸
86%
乞巧织情
86%
热情桑巴
86%
海洋之心
86%
偶像歌手
86%
东方不败
71%
精灵公主
71%
魅力维加斯
71%
凤凰于飞
71%
天堂福音
71%
黄金白羊座
71%
缤纷独角兽
71%
如懿
57%
冰雪圆舞曲
57%
天鹅之梦
57%
女仆咖啡
57%
仲夏夜之梦
57%
海军大将
57%
龙骑士
57%
优雅恋人
57%
异域舞娘
57%
圣诞恋歌
57%
白晶晶
57%
倪克斯神谕
57%
补天
43%
暗夜贵公子
43%
红桃皇后
43%
大秦宣太后
43%
滕王阁序
43%
青丘·九尾
43%
音你心动
43%
金属风暴
43%
魔法小厨娘
43%
金乌负日
43%
青蛇
43%
如梦令
43%
炽热元素使
43%
丁香结
43%
时尚教父
43%
心灵骇客
43%
逐梦之音
43%
炼金王
43%
踏雪寻梅
43%
久胜战神
43%
进击墨子号
29%
胡桃夹子
29%
第七人偶
29%
纯白花嫁
29%
遇见飞天
29%
玩趣恶龙
29%
星航指挥官
29%
掌控之力
29%
金属狂潮
29%
黄金分割率
29%
尼罗河女神
29%
摇滚巨星
29%
一千零一夜
29%
武陵仙君
29%
乘龙·聚宝船
29%
猫影幻舞
29%
遇见胡旋
29%
唤灵魅影
29%
救世之瞳
29%
幻阙歌
29%
修竹墨客
29%
神器·明辉仪
29%
玩偶对对碰
29%
游龙清影
29%
女儿国国王
29%
完美假期
29%
真爱至上
29%
时雨天司
29%
时之奇旅
29%
冰霜恋舞曲
14%
妄想奇谈
14%
神器·万象笔
14%
至美·乘鲤谣
14%
鹤羽星尊
14%
星域神启
14%
唐三藏
14%
浮梦罗烟
14%
王牌新星
14%
混沌棋
14%
梁祝
14%
真爱魔法
14%
匿光破解者
14%
朔望之晖
14%
月团寄思
14%
棒球奇才
14%
胡桃异想国
14%
契约魔法
14%
霓裳曲
14%
御霄
14%
寅虎·心曲
14%
精准探案法
14%
银翎春语
14%
画中仙
14%
时之彼端
14%
绯月行
14%
追逃游戏
14%
至美·化雀舞
14%
落雪兰心
14%
幽恒
14%
魅语
14%
花好人间
14%
曦玄引
14%
闲日渔趣
14%
重明
14%
星穹之声
14%
幻想奇妙夜
14%
古海寻踪
14%
千筹问战
14%
缤纷绘卷
14%
幽兰居士
14%
赤莲之焰
14%
游园惊梦
14%
幻夜卜梦
14%
燃音魔法
14%
山海·琳琅生
14%
万圣前夜
14%
降魔
14%
紫罗兰之誓
14%
白昼王子
14%
时空谍影
14%
天秀·音浪
14%
化身博士
14%
奇幻香踪
14%
归虚梦演
0%
时之魔女
0%
幻泉雾影
0%
无尽旅途
0%
前尘
0%
神迹守卫
0%
玲珑珍味
0%
午后时光
0%
诗语江南
0%
漠中幻影
0%
星空之诺
0%
暖冬·兔眠
0%
拒霜思
0%
灵卜魔法
0%
雪夜绮愿
0%
永恒水手月亮
0%
死亡摇滚
0%
天狼绘梦者
0%
仙境爱丽丝
0%
鲨炮海盗猫
0%
龙舞盛年
0%
大漠名商
0%
露花倒影
0%

Score Distribution

Percentile by Number Answered

Percent of People with Each Score

Your Score History

You have not taken this quiz since the last reset